Responses for Show #1035 - Friday, February 17, 1989

1989 Teen Tournament final game 2.

Contestants

[<< previous game]

Elena Whitley, a junior from Raleigh, North Carolina (subtotal of $7,800)

Stan Wu, a senior from Arlington, Virginia (subtotal of $9,900)

Eric Newhouse, a junior from Sioux City, Iowa (subtotal of $14,500)

Jeopardy! Round responses

WORD ORIGINS
TEEN CUISINE
AMERICAN HISTORY
THE METRIC SYSTEM
BROOKE SHIELDS SAYS
"FUN" STUFF
    $100 2
needles

Elena
    $100 20
(Eric: What is White Castle?)

Wendy's

EricElena
    $100 6
Jefferson Davis

Stan
    $100 19
Celsius

Elena
    $100 30
sleep

Stan
    $100 23
more fun than a barrel of monkeys

Elena
    $200 3
a mausoleum

Elena
    $200 18
Diet Coke

Eric
    $200 7
(Wild Bill) Hickok

Eric
    $200 11
kilometers per hour

Stan
    $200 24
her eyelids

Elena
    $200 22
Oh what fun it is to ride in a one-horse open sleigh

Elena
    $300 1
denim

Eric
    $300 21
strawberry

Eric
    $300 8
adultery

Elena
    $300 14
(Stan: What is mille?)

milli

EricStan
    $300 25
(Alex: [After the next clue selection] Less than a minute to go.)

smoking

Eric
    $1,500 17
[The song was reprised going into the break.]

"Girls Just Want To Have Fun"

Eric
    $400 4
a porcupine

Eric
    $400 27
Dunkin' Donuts

Elena
    $400 9
the Salem witch trials

Stan
    $400 13
(Eric: Where is Paris?)

the North Pole

Eric
Triple Stumper
    $400 26
(Stan: What are earrings?)
[Huge laughter]
...
(Alex: I like Stan's response much better.)

make-up

EricStan
    $400 15
double your pleasure and double your fun

Stan
    $500 5
Bernard Shaw

Elena
    $500 28
Reese's Pieces

Eric
    $500 10
women's rights

Eric
    $500 12
France

Eric
    $500 29
her fingernails

Elena
    $500 16
fun & games

Eric

Scores at the first commercial break (after clue 13):

Eric Stan Elena
$1,500 $700 $1,100

Scores at the end of the Jeopardy! Round:

Eric Stan Elena
$5,400 $500 $2,700

Double Jeopardy! Round responses

PREHISTORIC ANIMALS
FICTION
MONTHS
MEDICINE
CINEMATIC SPECTERS
NATIONAL PARKS
(Alex: These are national parks all over the world, not just in America.)
    $200 29
the Tyrannosaurus rex

Elena
    $200 4
7

Eric
    $200 16
March

Eric
    $200 30
a cesarian section

Eric
    $200 11
Scrooged

Elena
    $200 1
(Alex: [Prior to Stan picking] Stan, although you are in third place right now; you have the honor of having come up with the best line of the entire tournament.)

England

Elena
    $400 28
horns

Eric
    $400 5
The Catcher in the Rye

Eric
    $400 17
June

Eric
    $400 25
a tapeworm

Eric
    $400 12
Beetlejuice

Elena
    $400 2
Greece

Stan
    $600 27
a pterodactyl

Elena
    $600 6
Around the World in Eighty Days

Elena
    $600 18
(Stan: What are Judaism and Christianity?)

(1 of) Islam (Judaism)

EricStan
    $600 24
(Stan: What is the mouth?)
(Alex: Be more specific.)

the gums

Stan
    $600 13
Slimer

Eric
    $600 3
Switzerland

Eric
    $2,600 26
(Alex: [Prior to the wager] Less than a minute to go, Eric.)

the Mesozoic

Eric
    $800 7
Connecticut

Eric
    $800 19
august

Elena
    $800 22
tetanus

Eric
    $800 14
Poltergeist

Elena
    $800 9
(Alex: Right, in Colorado.)

the United States

Elena
    $1000 23
(Eric: What is... 4?)

5

EricStan
    $1000 8
Joseph Conrad

Stan
    $4,000 20
(Alex: Elena? Hurry!)
(Elena: 92.)
(Alex: You forgot one month; September, October, November, December. Two months with 30; two months with 31.)

122

Elena
    $1000 21
the thyroid

Elena
    $1000 15
Daryl Hannah

Eric
    $1000 10
Indonesia

Elena

Scores at the end of the Double Jeopardy! Round:

Eric Stan Elena
$13,600 $2,900 $5,300
(lock tournament)

[wagering suggestions for these scores]

Final Jeopardy! Round responses

STATE CAPITALS
StanWhat are Carson City and Oklahoma City?
$2,900
ElenaWhat are Oklahoma City and Carson City?
$300
EricWhat are Jefferson City & Oklahoma City?
$0
(2 of) Carson City, Oklahoma City, Jefferson City, or Salt Lake City

Final scores:

Eric Stan Elena
$13,600 $5,800 $5,600

Cumulative scores:

Eric Stan Elena
$28,100 $15,700 $13,400
Tournament champion: $28,100 1st runner-up: $15,700 2nd runner-up: $13,400

Game dynamics:

Coryat scores:

Eric Stan Elena
$10,600 $2,900 $9,300
27 R
(including 2 DDs),
3 W
9 R,
3 W
22 R,
1 W
(including 1 DD)

Combined Coryat: $22,800

[game clues] [game scores] [suggest correction]

Game tape date: 1989-01-05
The J! Archive is created by fans, for fans. Scraping, republication, monetization, and malicious use prohibited; this site may use cookies and collect identifying information. See terms. The Jeopardy! game show and all elements thereof, including but not limited to copyright and trademark thereto, are the property of Jeopardy Productions, Inc. and are protected under law. This website is not affiliated with, sponsored by, or operated by Jeopardy Productions, Inc. Join the discussion at JBoard.tv.